000 005260000a22001810004500
090 _aAR
_b02565
245 1 0 _aConservatism of ecological niches in evolutionary time
650 1 4 _aBiología de la conservación
_93740
650 1 4 _aEvolución
_992797
650 1 4 _aNicho
_996053
651 4 _pMéxico
_992749
041 0 _aInglés
700 1 _aSoberón, Jorge
_996054
700 1 _aSánchez Cordero, V.
_996055
100 1 _aPeterson, A. Townsend
_996052
942 _cARTICULO
773 1 _tScience
_3685
_q1265-1267
_d1999
_g285
999 _c11629
_d11629